01133nam a2200193 a 4500008004100000050001900041100002000060245008700080246005600167260005400223300002200277650002400299700002100323995015100344995015100495999001700646952013800663952013800801060316s1986 ||||||||||||||||| || u aTK 7868.D5 Pel aPelloso, Pierre10aPractical digital electronicsctranslated from original French by John C.C. Nelson aPratique de l'âelectronique numâerique. English aChichester [W. Sussex]bJohn Wiley and Sonsc1986 aix, 219 p. : ill. 0aDIGITAL ELECTRONICS aNelson, John C.C aMAIN LIBRARY OPEN ACCESSD0.00e721569FCBU-MAIN LIBRARY (Kitwe)H1I27.25jTK 7868.D5 PelUAVAILABLEy016615ZMain Library Open Access Collection aMAIN LIBRARY OPEN ACCESSD0.00e721570FCBU-MAIN LIBRARY (Kitwe)H2I27.25jTK 7868.D5 PelUAVAILABLEy016618ZMain Library Open Access Collection c76974d76974 00102lcc4070a001b001cMain Library Open Access Collectiond2023-04-25l0oTK 7868.D5 Pelp016615r2023-04-25t1w2023-04-25y002 00102lcc4070a001b001cMain Library Open Access Collectiond2023-04-25l0oTK 7868.D5 Pelp016618r2023-04-25t2w2023-04-25y002